| 000 | 01112cam a22002294a 4500 | ||
|---|---|---|---|
| 005 | 20250605164108.0 | ||
| 008 | 250528s ||||||||||||||||||||||||d | ||
| 035 | _a17813 | ||
| 020 | _a9783110644876 | ||
| 040 |
_aGR-AtMCL _bgre _dGR-AtMCL _eAACR2 |
||
| 245 | 1 | _aFood Contamination by Packaging / Migration of Chemicals from Food Contact Materials | |
| 260 |
_bDe Gruyter, _c2019 |
||
| 300 | _a168 | ||
| 520 | _aThis book will be of interest to students and researchers in universities and research institutions associated with food packaging and, in general, to the food safety sector. Preface, Acknowledgements, Introduction, Bisphenol A, Melamine, Phthalates and Alternative Plasticizers, Photoinitiators, Other Chemical Substances from Food Contact Materials, Non-Intentionally Added Substances, Estimation of Exposure to Migrants from Food Contact Materials, Index. | ||
| 700 | 1 |
_aGarcia Ibarra Veronica _94081 |
|
| 700 | 1 |
_aLestido Cardama Antia _94082 |
|
| 700 | 1 |
_aRodriguez Bernaldo De Quiros Ana _94083 |
|
| 700 | 1 |
_aSendon Raquel _94084 |
|
| 942 | _cBK | ||
| 999 |
_c3213 _d3213 |
||